| Tag |
First Indicator |
Second Indicator |
Subfields |
| LEADER |
00000cam a22000008a 4500 |
| 001 |
in00000001392 |
| 005 |
20151007050423.0 |
| 008 |
980617s1998 dcua b f101 0 eng |
| 010 |
|
|
|a 98029837
|
| 020 |
|
|
|a 0160496667 :
|c $17.00
|
| 035 |
|
|
|a (OCoLC)39381282
|
| 035 |
|
|
|9 AJB3001AM
|
| 037 |
|
|
|a 008-070-00736-3
|b GPO
|
| 040 |
|
|
|d GPO
|d DLC
|d MvI
|d UtOrBLW
|
| 043 |
|
|
|a n-us---
|
| 049 |
|
|
|a UDOC
|
| 050 |
0 |
0 |
|a UG1523
|b .A37 1998
|
| 074 |
|
|
|a 0422-M-01
|
| 082 |
0 |
0 |
|a 358/.8/0973
|2 21
|
| 086 |
0 |
|
|a D 301.82/7:SP 2
|
| 110 |
2 |
|
|a Air Force Historical Foundation.
|b Symposium
|d (1995 :
|c Andrews AFB, Md.)
|
| 245 |
1 |
4 |
|a The U.S. Air Force in space :
|b 1945 to the twenty-first century : proceedings, Air Force Historical Foundation Symposium, Andrews AFB, Maryland, September 21-22, 1995 /
|c edited by R. Cargill Hall and Jacob Neufeld.
|
| 246 |
3 |
|
|a US Air Force in space
|
| 264 |
|
1 |
|a Washington, D.C. :
|b USAF History and Museums Program, U.S. Air Force :
|c 1998.
|
| 264 |
|
2 |
|a Washington, D.C. :
|b For sale by the U.S. G.P.O., Supt. of Docs.,
|
| 300 |
|
|
|a vii, 195 pages :
|b illustrations ;
|c 25 cm.
|
| 336 |
|
|
|a text
|b txt
|2 rdacontent
|
| 337 |
|
|
|a unmediated
|b n
|2 rdamedia
|
| 338 |
|
|
|a volume
|b nc
|2 rdacarrier
|
| 500 |
|
|
|a Shipping list number: 98-0364-P.
|
| 504 |
|
|
|a Includes bibliographical references and index.
|
| 650 |
|
0 |
|a Astronautics, Military
|z United States
|x History
|x Congresses.
|
| 610 |
1 |
0 |
|a United States.
|b Air Force
|x History
|x Congresses.
|
| 700 |
1 |
|
|a Hall, R. Cargill.
|
| 700 |
1 |
|
|a Neufeld, Jacob.
|
| 710 |
2 |
|
|a Air Force History and Museums Program (U.S.)
|
| 999 |
|
|
|a MARS
|
| 999 |
f |
f |
|s b899fbaf-17fc-3637-ac10-35b9235333bc
|i 5023df66-573c-3cc5-91e4-dd90532a528a
|t 0
|
| 952 |
f |
f |
|p normal
|a Texas A&M University
|b College Station
|c Sterling C. Evans Library
|d Evans: US Documents (Annex 5th floor)
|t 0
|e D 301.82/7:SP 2
|h Superintendent of Documents classification
|i unmediated -- volume
|m A14824390652
|
| 998 |
f |
f |
|a D 301.82/7:SP 2
|t 0
|l Evans: US Documents (Annex 5th floor)
|